[Event "AUTO-ADV-3672"]
[Site "http://www.queenalice.com/game.php?id=1431351"]
[Date "2016.7.12"]
[Round "1"]
[White "GustavoFS"]
[Black "rogervolei"]
[Result "0-1"]
[WhiteElo "1766"]
[BlackElo "1963"]

1. e4 e6 2. Nf3 a6 3. Nc3 h6 4. d4 Bb4 5. Bd2 b5 6. a3 Bxc3 7. Bxc3 Nf6 8. e5
Ne4 9. Qe2 Nxc3 10. bxc3 Bb7 11. Qd3 g5 12. Be2 d6 13. exd6 Qxd6 14. O-O Nd7 15.
Rfe1 O-O-O 16. Red1 Rdg8 17. Qe3 g4 18. Ne5 Rg7 19. Nxg4 h5 20. Ne5 f6 21. Nd3
Rxg2+ 22. Kf1 Rxh2 23. Ke1 Rh1+ 24. Kd2 Rxd1+ 25. Bxd1 e5 26. Qh3 exd4 27. cxd4
Qxd4 28. Rb1 c5 29. Kc1 Qa4 30. Nxc5 Qf4+ 31. Kb2 Qe5+ 32. Ka2 Qxc5 33. Rb3 Bd5
34. Qh2 Bxb3+ 35. cxb3 Qd4 36. Bf3 Re8 37. Qh1 Qd2+ 0-1

[Event "AUTO-ADV-3672"]
[Site "http://www.queenalice.com/game.php?id=1431352"]
[Date "2016.7.12"]
[Round "1"]
[White "rogervolei"]
[Black "GustavoFS"]
[Result "1-0"]
[WhiteElo "1969"]
[BlackElo "1727"]

1. e3 e5 2. a3 Nc6 3. g3 Nf6 4. Nc3 d6 5. Bg2 Be7 6. Nd5 Nxd5 7. Bxd5 Be6 8.
Bxc6+ bxc6 9. b3 Bf6 10. e4 Qd7 11. h3 O-O 12. Bb2 c5 13. f4 Qc6 14. Qe2 a5 15.
f5 Bd7 16. a4 Bxf5 17. d3 Rae8 18. g4 Bh4+ 19. Kd1 Be6 20. Nf3 Bg3 21. Bc1 Qb6
22. Be3 Rb8 23. Rb1 Rb7 24. Ng5 h6 25. Nxe6 fxe6 26. h4 Bf4 27. Rf1 Bxe3 28.
Rxf8+ Kxf8 29. Qxe3 Qb4 30. g5 h5 31. Qf3+ Ke7 32. g6 Qd4 33. Qf7+ Kd8 34. Qf8+
Kd7 35. Ke2 d5 36. Qxg7+ Kd6 37. Qf8+ Kc6 38. exd5+ Qxd5 39. Rg1 Qd4 40. Qe8+
Kb6 41. Qxe6+ c6 42. Rg5 Qf4 43. Qxe5 Qxe5+ 44. Rxe5 Ka6 45. Rxc5 1-0

[Event "AUTO-INT-3115"]
[Site "http://www.queenalice.com/game.php?id=1433927"]
[Date "2016.7.30"]
[Round "2"]
[White "GustavoFS"]
[Black "vincenzo"]
[Result "0-1"]
[WhiteElo "1579"]
[BlackElo "1808"]

1. e4 e5 2. Nf3 Bc5 3. Nc3 Nf6 4. Na4 Nxe4 5. Nxc5 Nxc5 6. Bc4 d6 7. d4 exd4 8.
Ng5 Qe7+ 9. Qe2 Qxe2+ 10. Bxe2 h6 11. Nh3 O-O 12. Rg1 Nbd7 13. Bd2 Ne5 14. f4
Ng6 15. b4 Ne4 16. Bd3 Nxd2 17. Kxd2 Ne7 18. Rae1 Nc6 19. b5 Nb4 20. Re7 Nxd3
21. cxd3 c6 22. bxc6 bxc6 23. Nf2 c5 24. Ne4 Rb8 25. Kc2 Rb7 26. Rxb7 Bxb7 27.
Nxd6 Bc8 28. Rb1 Be6 29. Rb7 Bxa2 30. Rxa7 Rd8 31. Nf5 Rd5 32. Ne7+ Kh7 33. Rxa2
Rd7 34. Nf5 Kg6 35. Ng3 Re7 36. Ra6+ Kh7 37. Nf5 Re2+ 38. Kd1 Rxg2 39. Rc6 Rxh2
40. Ne7 h5 0-1

[Event "AUTO-INT-3115"]
[Site "http://www.queenalice.com/game.php?id=1433928"]
[Date "2016.7.30"]
[Round "2"]
[White "vincenzo"]
[Black "GustavoFS"]
[Result "1-0"]
[WhiteElo "1830"]
[BlackElo "1739"]

1. d4 d5 2. e3 Nf6 3. Nf3 Nc6 4. Bb5 Bd7 5. Nc3 a6 6. Bxc6 Bxc6 7. O-O e6 8. Ne5
Bd6 9. Nxc6 bxc6 10. a3 O-O 11. b4 Ne4 12. Nxe4 dxe4 13. c4 Qf6 14. c5 Be7 15.
Qg4 a5 16. bxa5 Rxa5 17. Qxe4 Ra4 18. Qxc6 Rfa8 19. Qxc7 R4a7 20. Qg3 Qf5 21.
Bb2 Bf6 22. Rac1 Rb7 23. Rb1 h6 24. f4 Qc2 25. Qf3 Rab8 26. Rfc1 Qd3 27. Qf2 Rb3
28. c6 e5 29. c7 Rc8 30. Qc2 Qxe3+ 31. Kh1 g6 32. fxe5 Bg5 33. Re1 Qf4 34. Qxb3
Qd2 35. e6 Kg7 36. d5+ Bf6 37. Bxf6+ Kxf6 38. e7 1-0

[Event "AUTO-INT-3115"]
[Site "http://www.queenalice.com/game.php?id=1433929"]
[Date "2016.7.30"]
[Round "2"]
[White "GustavoFS"]
[Black "rocha"]
[Result "0-1"]
[WhiteElo "1691"]
[BlackElo "1748"]

1. e4 e6 2. Nf3 f6 3. Nc3 c6 4. d4 Bb4 5. Bd2 d6 6. Be2 Ne7 7. O-O Bd7 8. a3 Ba5
9. b4 Bb6 10. Na4 Bc7 11. c4 b5 12. cxb5 cxb5 13. Nc3 Bb6 14. Be3 O-O 15. Qd2
Rf7 16. Nh4 Na6 17. Bf4 Qc7 18. Rfc1 Nc8 19. Be3 Qd8 20. d5 Nc7 21. Bh5 Re7 22.
dxe6 Bxe6 23. Nf5 Bxf5 24. exf5 Bxe3 25. fxe3 Re5 26. e4 d5 27. Rd1 Ne7 28. Qa2
g6 29. Bf3 gxf5 30. exf5 Rxf5 31. Qc2 Rc8 32. Qf2 Ra8 33. Qg3+ Rg5 34. Qf4 Kg7
35. Ne4 Rf5 36. Qg3+ Ng6 37. Nc5 Kh8 38. Nb7 Qg8 39. Qxc7 Rc8 40. Qd6 Nh4 41.
Ra2 Rxf3 42. Kh1 Rf5 43. Nc5 Rd8 44. Qe7 Ra8 0-1

[Event "AUTO-INT-3115"]
[Site "http://www.queenalice.com/game.php?id=1433930"]
[Date "2016.7.30"]
[Round "2"]
[White "rocha"]
[Black "GustavoFS"]
[Result "1-0"]
[WhiteElo "1692"]
[BlackElo "1758"]

1. d3 d5 2. d4 Nc6 3. c3 Nf6 4. f3 e6 5. Bg5 Be7 6. Qd3 Bd7 7. Nd2 b5 8. Nb3 b4
9. c4 h6 10. Bd2 a5 11. a4 Bd6 12. e3 e5 13. c5 Be7 14. Ne2 e4 15. Qc2 Qc8 16.
Nf4 g5 17. Nh3 exf3 18. gxf3 Bxh3 19. O-O-O Bxf1 20. Rdxf1 Qa6 21. Rf2 O-O-O 22.
e4 dxe4 23. h3 exf3 24. Qf5+ Kb8 25. Be3 Qd3 26. Qxd3 Ne5 27. Qb5+ Kc8 28. dxe5
Nd5 29. Qa6+ Kd7 30. Rd1 c6 31. Qb7+ Ke8 32. Qxc6+ Kf8 33. Rxd5 Kg7 34. Rxd8
Bxd8 35. Rxf3 Re8 36. Qxe8 1-0

[Event "AUTO-ADV-3709"]
[Site "http://www.queenalice.com/game.php?id=1443182"]
[Date "2016.9.27"]
[Round "1"]
[White "GustavoFS"]
[Black "Nias"]
[Result "0-1"]
[WhiteElo "1604"]
[BlackElo "1808"]

1. e4 e5 2. Nf3 Qf6 3. Nc3 c6 4. d3 h6 5. Be2 g5 6. g4 Be7 7. Be3 Bb4 8. a3
Bxc3+ 9. bxc3 b5 10. d4 d6 11. dxe5 dxe5 12. Qb1 Bxg4 0-1

[Event "AUTO-ADV-3709"]
[Site "http://www.queenalice.com/game.php?id=1443184"]
[Date "2016.9.27"]
[Round "1"]
[White "GustavoFS"]
[Black "pedroingles"]
[Result "0-1"]
[WhiteElo "1655"]
[BlackElo "1737"]

1. e4 e5 2. Nf3 Nf6 3. Nc3 Nc6 4. d3 Bb4 5. Bd2 O-O 6. Be2 d5 7. exd5 Nxd5 8.
Ne4 Bxd2+ 9. Qxd2 Be6 10. Neg5 Nf4 11. Nxe6 fxe6 12. g3 Nxe2 13. Qxe2 Qf6 14. c3
Rad8 15. Rd1 Qxf3 16. Qxf3 Rxf3 17. b4 Rfxd3 18. Rc1 Ne7 19. O-O Rd2 20. a4 Ng6
21. h4 Re2 0-1

[Event "AUTO-ADV-3709"]
[Site "http://www.queenalice.com/game.php?id=1443185"]
[Date "2016.9.27"]
[Round "1"]
[White "pedroingles"]
[Black "GustavoFS"]
[Result "1-0"]
[WhiteElo "1723"]
[BlackElo "1669"]

1. d4 e6 2. e4 Nc6 3. Nf3 Nf6 4. Bd3 Be7 5. O-O d6 6. Nc3 Nb4 7. Be3 Nxd3 8.
Qxd3 Ng4 9. Rad1 Nxe3 10. Qxe3 Bd7 11. Rfe1 a5 12. a3 b5 13. e5 d5 14. Qe2 b4
15. axb4 axb4 16. Nb1 Qb8 17. c4 dxc4 18. Qxc4 Bb5 19. Qc1 O-O 20. b3 Ra2 21.
Rd2 1-0

[Event "Challenge"]
[Site "http://www.queenalice.com/game.php?id=1443936"]
[Date "2016.10.2"]
[Round "-"]
[White "Belle1996"]
[Black "GustavoFS"]
[Result "1-0"]
[WhiteElo "1020"]
[BlackElo "1721"]

1. e4 e5 2. Nc3 Nc6 3. d3 Nf6 4. Nf3 d6 5. Be2 Nd4 6. Bd2 Nxe2 7. Nxe2 Be7 8.
O-O Bd7 9. c4 c5 10. Ng3 Qc8 11. a3 Qc7 12. h3 a5 13. Qe2 Qb6 14. Rab1 O-O 15.
Nh4 1-0